000 00561nam a2200193Ia 4500
999 _c3487
_d3487
003 OSt
005 20200813144923.0
008 190216s9999||||xx |||||||||||||| ||und||
020 _a9788122423563
040 _coclc
082 _a541.223
_bKAL/S
100 _aKalsi, P S
_94097
245 0 _aStereochemistry Conformation And Mechanism /
_cP S Kalsi
250 _a7th Ed.
260 _bNew Age International Publishers,
_c2008.
_aNew Delhi:
300 _a603p
650 _aChemistry
942 _cBK
_2ddc
_h541.223
_iKAL/S
_k541.223
_mKAL/S